اردو سفرنامے : (Record no. 172571)

MARC details
000 -LEADER
fixed length control field 00560nam a22001937a 4500
005 - DATE AND TIME OF LATEST TRANSACTION
control field 20200207115916.0
010 ## - LCCN (DPL NO)
LC control number A-333793
020 ## - INTERNATIONAL STANDARD BOOK NUMBER
Terms of availability 80.00
035 ## - SYSTEM CONTROL NUMBER
System control number A-333793
037 ## - SOURCE OF ACQUISITION
Source of stock number/acquisition BPPD/Pub.
082 ## - DEWEY DECIMAL CLASSIFICATION NUMBER
Classification number 910
100 ## - MAIN ENTRY--PERSONAL NAME
Personal name قورسیہ قریشی
245 ## - TITLE STATEMENT
Title اردو سفرنامے :
Remainder of title انسویں صدی میں /
Statement of responsibility, etc قورسیہ قریشی
246 ## - VARYING FORM OF TITLE
Title proper/short title Urdu Safarname: Unneesvin Sadi Mein /
Remainder of title by Qudsia Qureshi
260 ## - PUBLICATION, DISTRIBUTION, ETC. (IMPRINT)
Place of publication, distribution, etc -
Name of publisher, distributor, etc -
Date of publication, distribution, etc 1987 ء
270 ## - ADDRESS
Address -
City -
Postal code -
300 ## - PHYSICAL DESCRIPTION
Extent 368p.
Dimensions 21cm(Hb)
942 ## - ADDED ENTRY ELEMENTS (KOHA)
Source of classification or shelving scheme Dewey Decimal Classification
Item type Urdu Bks
Classification part 910
Call number suffix ق ر ے
Holdings
Withdrawn status Lost status Not for loan Collection code Home library Current library Date acquired Source of acquisition Cost, normal purchase price Full call number Barcode Copy number Cost, replacement price Koha item type
      Non-fiction Central Library Central Library 07/02/2020 BPPD/Ven. 80.00 910 ق ر ے A-333793 1 80.00 Urdu Bks

© Delhi Public Library
Hit Counter
free hit counter